000
00218nam a22000857a 4500
008
160713b xxu||||| |||| 00| 0 eng d
100
_9
2761
_a
Allan C
245
_a
Little Archie
260
_a
New Delhi
_b
Eisman Publication
_c
1989
999
_c
2395
_d
2395